000 00628nam a22001337a 4500
020 _a978-93-83225-85-9
082 _a823
_bNIS/S
100 _aNISHANK, RAMESH POKHRIYAL
245 _aSWAMI VIVEKANANDA IN CHICAGO
260 _aNEW DELHI
_bOKHLA INDUSTRIAL AREA
520 _aVivekananda emphasised on letting religions follow their own path. He also spoke about how he doesn't want conversion of religions or the overpowering of one religions over another. Rather, he wants each religion to follow its own path and grow into their own being without hindering the journey of another.
650 _aRELGIOUS BIOGRAPHY
942 _cBK
999 _c7017
_d7017